Development, poverty, and politics (Record no. 13043)

MARC details
000 -LEADER
fixed length control field 01380nam a2200373Ia 4500
001 - CONTROL NUMBER
control field 9781135177348
003 - CONTROL NUMBER IDENTIFIER
control field BD-DhSAU
005 - DATE AND TIME OF LATEST TRANSACTION
control field 20151012151723.0
006 - FIXED-LENGTH DATA ELEMENTS--ADDITIONAL MATERIAL CHARACTERISTICS
fixed length control field a|||||s|||||||||||
007 - PHYSICAL DESCRIPTION FIXED FIELD--GENERAL INFORMATION
fixed length control field cr||||
008 - FIXED-LENGTH DATA ELEMENTS--GENERAL INFORMATION
fixed length control field 101014s2010 nyuade s 000 0 eng d
020 ## - INTERNATIONAL STANDARD BOOK NUMBER
International Standard Book Number 9780203862087 (e-book : PDF)
040 ## - CATALOGING SOURCE
Original cataloging agency BD-DhSAU
Transcribing agency BD-DhSAU
043 ## - GEOGRAPHIC AREA CODE
Geographic area code d------
090 ## - LOCALLY ASSIGNED LC-TYPE CALL NUMBER (OCLC); LOCAL CALL NUMBER (OCLC)
Classification number (OCLC) (R) ; Classification number, CALL (RLIN) (NR) HN981.C6
Local cutter number (OCLC) ; Book number/undivided call number, CALL (RLIN) M375 2010
092 ## - LOCALLY ASSIGNED DEWEY CALL NUMBER (OCLC)
Classification number 307.34416091724
Item number M382
100 1# - MAIN ENTRY--PERSONAL NAME
Personal name Martin, Richard,
Dates associated with a name 1939-
245 10 - TITLE STATEMENT
Title Development, poverty, and politics
Medium [electronic resource] :
Remainder of title putting communities in the driver's seat /
Statement of responsibility, etc. Richard Martin and Ashna Mathema ; foreword by John F.C. Turner.
260 ## - PUBLICATION, DISTRIBUTION, ETC. (IMPRINT)
Place of publication, distribution, etc. New York :
Name of publisher, distributor, etc. Routledge,
Date of publication, distribution, etc. 2010.
300 ## - PHYSICAL DESCRIPTION
Extent 262 p. :
Other physical details ill., plans.
490 1# - SERIES STATEMENT
Series statement Routledge studies in development and society ;
Volume/sequential designation 23
530 ## - ADDITIONAL PHYSICAL FORM AVAILABLE NOTE
Additional physical form available note Also available in print edition.
538 ## - SYSTEM DETAILS NOTE
System details note Mode of access: World Wide Web.
650 #0 - SUBJECT ADDED ENTRY--TOPICAL TERM
Topical term or geographic name as entry element Community development, Urban
Geographic subdivision Developing countries.
650 #0 - SUBJECT ADDED ENTRY--TOPICAL TERM
Topical term or geographic name as entry element Economic development
General subdivision Citizen participation.
650 #0 - SUBJECT ADDED ENTRY--TOPICAL TERM
Topical term or geographic name as entry element Urban poor
Geographic subdivision Developing countries.
655 #7 - INDEX TERM--GENRE/FORM
Genre/form data or focus term Electronic books.
Source of term lcsh
700 1# - ADDED ENTRY--PERSONAL NAME
Personal name Mathema, Ashna.
700 1# - ADDED ENTRY--PERSONAL NAME
Personal name Turner, John F. C.
776 1# - ADDITIONAL PHYSICAL FORM ENTRY
International Standard Book Number 9780415995627
776 1# - ADDITIONAL PHYSICAL FORM ENTRY
International Standard Book Number 0415995620
830 #0 - SERIES ADDED ENTRY--UNIFORM TITLE
Uniform title Routledge studies in development and society ;
Volume number/sequential designation 23.
856 40 - ELECTRONIC LOCATION AND ACCESS
Uniform Resource Identifier <a href="http://www.tandfebooks.com/isbn/9780203862087">http://www.tandfebooks.com/isbn/9780203862087</a>

No items available.